[Event "Orleans op"]
[Site "Orleans"]
[Date "2004.??.??"]
[Round "4"]
[White "Darmon, Marc"]
[Black "Nguyen Hung Duy, Thanh"]
[Result "0-1"]
[WhiteElo "1630"]
[BlackElo "2048"]
[PlyCount "62"]
[EventDate "2004.12.??"]
[EventType "swiss"]
[EventRounds "9"]
[EventCountry "FRA"]
[SourceTitle "EXT 2007"]
[Source "ChessBase"]
[SourceDate "2006.11.23"]
[SourceVersion "1"]
[SourceVersionDate "2006.11.23"]
[SourceQuality "1"]

1. e4 e6 2. d4 d5 3. Nd2 Nf6 4. e5 Nfd7 5. Bd3 c5 6. c3 Nc6 7. Ne2 cxd4 8. cxd4 f6 9. exf6 Nxf6 10. Nf3 Bd6 11. Nc3 0-0 12. 0-0 Qe8 13. Re1 Qh5 14. h3 Bd7 15. Bd2 Rae8 16. Be2 Qg6 17. Nh4 Qf7 18. Nf3 e5 19. Nb5 Bb8 20. dxe5 Nxe5 21. Nbd4 Ne4 22. Bb4 Qf4 23. Bxf8 Rxf8 24. Rc1 Bxh3 25. gxh3 Ng5 26. Qb3 Nxh3+ 27. Kf1 Qg4 28. Qxd5+ Kh8 29. Qxb7 Nxf2 30. Qb4 Qh3+ 31. Kxf2 Ng4+ 0-1